Elizabeth Franzheim (Record no. 7267)

MARC details
000 - LÍDER
campo de control de longitud fija 00734nam a2200205Ia 4500
008 - ELEMENTOS DE DATOS DE LONGITUD FIJA - INFORMACIÓN GENERAL
campo de control de longitud fija 000000[199?] fr a 0000000000fre00
090 ## - NÚMERO DE LLAMADA DE TIPO LC LOCALMENTE ASIGNADO (OCLC)
Número de clasificación (OCLC) (R) PUS00 F71e2
100 1# - ENTRADA PRINCIPAL - NOMBRE PERSONAL
Nombre de la persona Franzheim, Elizateth
Fechas asociadas a un nombre 1923
245 13 - TÍTULO DECLARACIÓN
Título Elizabeth Franzheim
Resto del título : une facon de recevoir les signes
Declaración de responsabilidad / Claude Bouyeure
260 ## - PUBLICACIÓN, DISTRIBUCIÓN
Lugar de publicación Paris :< s.n.>
Fecha de publicación 1991
300 ## - DESCRIPCIÓN FÍSICA
Alcance [12] p.
Dimensiones / 27 cm.
500 ## - NOTA GENERAL
Nota general Con el patronazgo del maestro venezolano Jesús Rafael Soto (q.e.p.d.) \
600 00 - ENTRADA DE SUJETO AÑADIDO - NOMBRE PERSONAL
Nombre de la persona FRANZHEIM, ELIZABETH, 1923/
Subdivisión general TRABAJOS PICTORICOS
650 14 - ENTRADA DE SUJETO AÑADIDO - TÉRMINO TÓPICO
Término tópico o elemento de entrada del nombre geográfico ARTE CONTEMPORANEO ESTADOUNIDENSE
650 14 - ENTRADA DE SUJETO AÑADIDO - TÉRMINO TÓPICO
Subdivisión general CATALOGOS
650 14 - ENTRADA DE SUJETO AÑADIDO - TÉRMINO TÓPICO
Subdivisión general EXPOSICIONES
650 14 - ENTRADA DE SUJETO AÑADIDO - TÉRMINO TÓPICO
Término tópico o elemento de entrada del nombre geográfico PINTORES ESTADOUNIDENSES
650 14 - ENTRADA DE SUJETO AÑADIDO - TÉRMINO TÓPICO
Término tópico o elemento de entrada del nombre geográfico PINTURA ESTADOUNIDENSE
700 1# - ENTRADA AGREGADA - NOMBRE PERSONAL
Nombre de la persona Bouyeure, Claude
Holdings
Estado de retirada Pérdida de estatus Estado dañado No para préstamo Código de recogida Ubicación permanente Ubicación actual Ubicación de las estanterías Fecha de adquisición Número de llamada completo Código de barras Fecha de la última vez que se vio Número de copia Precio efectivo desde Tipo de artículo Koha
        General ArtNexus ArtNexus General 06/09/2022 P-US-00 F71E2 7271 06/09/2022 Ej.1 06/09/2022 Libro

Powered by Koha